Statistiques concernant Pays de la Seconde Guerre mondiale

Cliquez ici pour prendre le quiz!

Statistiques générales

  • Ce quiz a été pris 37 273 fois
  • Le résultat moyen est 16 sur 25

Statistiques - réponses

MortsPays% Correct
5,318,000Allemagne
99%
210,000France
99%
407,300Etats-Unis
97%
319,200Italie
95%
383,700Royaume-Uni
94%
2,300,000Japon
93%
240,000Pologne
89%
11,400,000Union Sovietique
87%
3,750,000Chine
86%
12,000Belgique
82%
42,000Canada
75%
18,200Pays-Bas
70%
300,000Hongrie
61%
35,100Grèce
59%
39,700Australie
57%
300,000Roumanie
54%
95,000Finlande
52%
446,000Yougoslavie
46%
18,500Bulgarie
43%
11,700Nouvelle-Zélande
34%
30,000Albanie
26%
34,000Estonie
26%
30,000Lettonie
26%
25,000Lituanie
26%
11,900Afrique du Sud
21%

Distribution des résultats

Percentile par nombre de réponses

% des personnes avec chaque résultat

Votre développement - résultats

Vous n’avez pas pris ce quiz